[Event "Innsbruck op-A 2nd"]
[Site "Innsbruck"]
[Date "2018.08.27"]
[Round "4"]
[White "Bryzgalin, Kirill"]
[Black "Makhija, Aashna"]
[Result "1-0"]
[WhiteElo "2430"]
[BlackElo "1997"]
[PlyCount "141"]
[EventDate "2018.08.24"]
[EventType "swiss"]
[EventRounds "9"]
[EventCountry "AUT"]
[SourceTitle "CBM 186 Extra"]
[Source "ChessBase"]
[SourceDate "2018.08.24"]
[SourceVersion "1"]
[SourceVersionDate "2018.08.24"]
[SourceQuality "1"]

1. d4 Nf6 2. Nf3 d5 3. Bf4 c5 4. e3 Nc6 5. c3 Qb6 6. Qc1 Bf5 7. a4 Rc8 8. Nbd2 e6 9. dxc5 Bxc5 10. b4 Be7 11. a5 Qd8 12. a6 b6 13. Bb5 0-0 14. Qb2 Bd6 15. Bg3 Bc7 16. 0-0 Bxg3 17. hxg3 Ne4 18. Rac1 Nd6 19. Be2 b5 20. Nb3 Qb6 21. Nc5 Rfd8 22. Nd4 Bg6 23. Rfd1 Nxd4 24. exd4 Qc6 25. Ra1 Rb8 26. Ra5 Rb6 27. Re1 Re8 28. Bf1 Qc7 29. Qa2 Qc6 30. Qd2 Qc8 31. f3 Qd8 32. Qf4 Qc8 33. g4 Qd8 34. Ra2 h6 35. Re5 Rb8 36. Ra1 Rb6 37. Rae1 Kh7 38. g5 h5 39. g3 Kg8 40. Bh3 Nc4 41. R5e2 Qd6 42. Qxd6 Rxd6 43. f4 Be4 44. Nxe4 dxe4 45. Rxe4 g6 46. Bg2 Rc8 47. R4e2 Rc7 48. Ra1 Nb6 49. Ra3 Na4 50. Re3 Rxa6 51. Bf1 Rb6 52. c4 a6 53. c5 Rb8 54. Ra2 Rd8 55. Rd2 Kf8 56. Kf2 Rcd7 57. Red3 a5 58. bxa5 Ra7 59. Ke3 b4 60. Rb3 Rxa5 61. Rxb4 Nc3 62. Bc4 Ra3 63. Rd3 Nd5+ 64. Bxd5 Rxd3+ 65. Kxd3 exd5 66. Rb7 Ra8 67. Kc3 Ra4 68. Rd7 Ra3+ 69. Kb4 Rxg3 70. c6 Ke8 71. Rxd5 1-0

[Event "Pardubice Czech op-A 29th"]
[Site "Pardubice"]
[Date "2018.07.24"]
[Round "5"]
[White "Babula, Vlastimil"]
[Black "Bryzgalin, Kirill"]
[Result "0-1"]
[WhiteElo "2533"]
[BlackElo "2424"]
[PlyCount "84"]
[EventDate "2018.07.20"]
[EventType "swiss"]
[EventRounds "9"]
[EventCountry "CZE"]
[SourceTitle "CBM 185 Extra"]
[Source "ChessBase"]
[SourceDate "2018.07.29"]
[SourceVersion "1"]
[SourceVersionDate "2018.07.29"]
[SourceQuality "1"]

1. d4 d5 2. c4 c6 3. Nf3 Nf6 4. Nc3 a6 5. e3 Bf5 6. Bd2 e6 7. Qb3 Ra7 8. Nh4 Be4 9. cxd5 Bxd5 10. Qc2 Nbd7 11. Be2 Ne4 12. Nf3 f5 13. Bd3 Ndf6 14. 0-0 Bd6 15. Ne5 0-0 16. Nxd5 exd5 17. Bc1 g6 18. f3 Ng5 19. e4 Ne6 20. Be3 Qb6 21. Nc4 dxc4 22. Bxc4 Re8 23. Rae1 Qc7 24. Bxe6+ Rxe6 25. Qb3 Bxh2+ 26. Kh1 Qf7 27. d5 cxd5 28. exd5 Rxe3 29. Qxe3 Bb8 30. Rc1 Qd7 31. Rfe1 Kf7 32. Qh6 a5 33. d6 Bxd6 34. Rcd1 Ra6 35. Qh4 Rc6 36. Qa4 Qc7 37. Qb3+ Kg7 38. Re6 Bg3 39. Qe3 Rxe6 40. Qxe6 Qe5 41. Qxe5 Bxe5 42. Re1 Bd6 0-1

[Event "Pardubice op rapid 29th"]
[Site "Pardubice"]
[Date "2018.07.18"]
[Round "3"]
[White "Kathmale, Sameer"]
[Black "Bryzgalin, Kirill"]
[Result "1/2-1/2"]
[WhiteElo "2323"]
[BlackElo "2424"]
[PlyCount "73"]
[EventDate "2018.07.18"]
[EventType "swiss (rapid)"]
[EventRounds "9"]
[EventCountry "CZE"]
[SourceTitle "CBM 185 Extra"]
[Source "ChessBase"]
[SourceDate "2018.07.29"]
[SourceVersion "1"]
[SourceVersionDate "2018.07.29"]
[SourceQuality "1"]

1. e4 c5 2. c3 Nf6 3. e5 Nd5 4. d4 cxd4 5. cxd4 b6 6. Nc3 Nxc3 7. bxc3 Bb7 8. f4 e6 9. Bd2 Nc6 10. Nh3 Be7 11. Bd3 Bh4+ 12. g3 Be7 13. 0-0 Qc7 14. Be4 Na5 15. Bxb7 Qxb7 16. f5 Nc4 17. f6 gxf6 18. exf6 Nxd2 19. Qxd2 Bf8 20. a4 Rc8 21. Nf4 h5 22. d5 Rc4 23. Rae1 Bc5+ 24. Kh1 h4 25. g4 Bd6 26. Ng2 h3 27. Ne3 Re4 28. Qd3 Re5 29. c4 Kf8 30. Nc2 Rg5 31. Qf3 Rhg8 32. Rg1 Bc5 33. Rg3 Bd6 34. Rgg1 Bc5 35. Rg3 Bd6 36. Rgg1 Bc5 37. Rg3 1/2-1/2

[Event "Forni di Sopra op 9th"]
[Site "Forni di Sopra"]
[Date "2018.06.14"]
[Round "7"]
[White "Terao, Juliana Sayumi"]
[Black "Bryzgalin, Kirill"]
[Result "1/2-1/2"]
[WhiteElo "2292"]
[BlackElo "2427"]
[PlyCount "42"]
[EventDate "2018.06.09"]
[EventType "swiss"]
[EventRounds "9"]
[EventCountry "ITA"]
[SourceTitle "CBM 184 Extra"]
[Source "ChessBase"]
[SourceDate "2018.06.28"]
[SourceVersion "1"]
[SourceVersionDate "2018.06.28"]
[SourceQuality "1"]

1. e4 e5 2. Nf3 Nc6 3. Bb5 a6 4. Ba4 Nf6 5. d3 d6 6. c3 g6 7. 0-0 Bg7 8. Nbd2 0-0 9. Re1 b5 10. Bc2 Bb7 11. a4 Re8 12. Nf1 Nb8 13. Ng3 c5 14. d4 exd4 15. cxd4 Nc6 16. d5 Nb4 17. Bg5 Qc7 18. axb5 axb5 19. Rxa8 Bxa8 20. Bb1 Nd7 21. Qc1 Bb7 1/2-1/2

[Event "Forni di Sopra op 9th"]
[Site "Forni di Sopra"]
[Date "2018.06.13"]
[Round "6"]
[White "Bryzgalin, Kirill"]
[Black "Santos Ruiz, Miguel"]
[Result "1/2-1/2"]
[WhiteElo "2427"]
[BlackElo "2527"]
[PlyCount "34"]
[EventDate "2018.06.09"]
[EventType "swiss"]
[EventRounds "9"]
[EventCountry "ITA"]
[SourceTitle "CBM 184 Extra"]
[Source "ChessBase"]
[SourceDate "2018.06.28"]
[SourceVersion "1"]
[SourceVersionDate "2018.06.28"]
[SourceQuality "1"]

1. d4 Nf6 2. Nf3 d5 3. c4 e6 4. Nc3 c6 5. cxd5 exd5 6. Bf4 Bf5 7. e3 Be7 8. Be2 Nbd7 9. 0-0 0-0 10. Ne5 Re8 11. Re1 Nf8 12. Rc1 Ne6 13. Bg3 Bd6 14. Bf1 Bg6 15. f3 Qb8 16. Qd2 Re7 17. b4 Nh5 1/2-1/2

[Event "Forni di Sopra op 9th"]
[Site "Forni di Sopra"]
[Date "2018.06.11"]
[Round "3"]
[White "Ceschia, Ivano"]
[Black "Bryzgalin, Kirill"]
[Result "1/2-1/2"]
[WhiteElo "2325"]
[BlackElo "2427"]
[PlyCount "109"]
[EventDate "2018.06.09"]
[EventType "swiss"]
[EventRounds "9"]
[EventCountry "ITA"]
[SourceTitle "CBM 184 Extra"]
[Source "ChessBase"]
[SourceDate "2018.06.28"]
[SourceVersion "1"]
[SourceVersionDate "2018.06.28"]
[SourceQuality "1"]

1. e4 c5 2. Nf3 Nc6 3. d4 cxd4 4. Nxd4 Qc7 5. Nc3 e6 6. Nb3 a6 7. Bd3 b5 8. Qe2 Nf6 9. f4 d6 10. Bd2 Be7 11. 0-0 0-0 12. Rae1 g6 13. Kh1 Bb7 14. e5 Nd7 15. exd6 Bxd6 16. Ne4 Be7 17. Ng5 Bf6 18. Qg4 Rfe8 19. Qh3 Nf8 20. Nc5 Rad8 21. Nge4 Bg7 22. Bc3 Bxc3 23. bxc3 Kg7 24. Qh4 Qe7 25. Qg3 f5 26. Nxb7 Qxb7 27. Nc5 Qa7 28. Qf2 Re7 29. a4 Rd5 30. Nxa6 Qxf2 31. Rxf2 bxa4 32. Bc4 Ra5 33. Nb4 Rc5 34. Nxc6 Rxc6 35. Bb5 Rxc3 36. Bxa4 Kf6 37. g3 h6 38. Bb3 g5 39. g4 gxf4 40. Rxf4 Ng6 41. Rd4 f4 42. Rd6 Kg5 43. Rexe6 Rxe6 44. Rxe6 Nh4 45. Kg1 Nf3+ 46. Kg2 Nd4 47. Re5+ Kxg4 48. Ba4 Nxc2 49. h3+ Kh4 50. Bxc2 Rxc2+ 51. Kf3 h5 52. Kxf4 Rf2+ 53. Ke3 Rf6 54. Ke2 Kxh3 55. Rxh5+ 1/2-1/2